Online katalóg knižníc regiónu Turca

Zem zlatých plodov (Record no. 21323)

MARC details
000 -LEADER
fixed length control field 01725nam a2200433 a 4500
001 - CONTROL NUMBER
control field 21323
003 - CONTROL NUMBER IDENTIFIER
control field VRT
005 - DATE AND TIME OF LATEST TRANSACTION
control field 20260227102122.0
008 - FIXED-LENGTH DATA ELEMENTS--GENERAL INFORMATION
fixed length control field 240314s1953 xo slo
015 ## - NATIONAL BIBLIOGRAPHY NUMBER
National bibliography number SKSNBA19451955-000189
035 ## - SYSTEM CONTROL NUMBER
System control number SK01SNKBKSFS20010054773
035 ## - SYSTEM CONTROL NUMBER
System control number SKM000057236
039 #9 - LEVEL OF BIBLIOGRAPHIC CONTROL AND CODING DETAIL [OBSOLETE]
Level of rules in bibliographic description 202403141516
Level of effort used to assign nonsubject heading access points VLOAD
Level of effort used to assign subject headings 201811091540
Level of effort used to assign classification VLOAD
Level of effort used to assign subject headings 201609091019
Level of effort used to assign classification AUTHORITY
Level of effort used to assign subject headings 201405121348
Level of effort used to assign classification mkuuk03
040 ## - CATALOGING SOURCE
Original cataloging agency SNK
Language of cataloging slo
Transcribing agency SNK
Description conventions AACR2
041 1# - LANGUAGE CODE
Language code of text/sound track or separate title slo
Language code of original por
044 ## - COUNTRY OF PUBLISHING/PRODUCING ENTITY CODE
MARC country code xo
ISO country code SK
072 #7 - SUBJECT CATEGORY CODE
Subject category code 821.134.3
Subject category code subdivision Portugalská literatúra
Source konspekt
080 ## - UNIVERSAL DECIMAL CLASSIFICATION NUMBER
Universal Decimal Classification number 821.134.3(81)-31
Edition identifier 2001
100 1# - MAIN ENTRY--PERSONAL NAME
Personal name Amado, Jorge,
Dates associated with a name 1912-2001
Relationship aut
240 10 - UNIFORM TITLE
Uniform title São Jorge dos Ilhéus
Language of a work Slovensky
245 10 - TITLE STATEMENT
Title Zem zlatých plodov
Statement of responsibility, etc. J[orge] Amado ; [z portugalského originálu prel. Vlado Oleríny]
250 ## - EDITION STATEMENT
Edition statement 1. vyd.
260 ## - PUBLICATION, DISTRIBUTION, ETC.
Place of publication, distribution, etc. Bratislava
Name of publisher, distributor, etc. Spoločnosť priateľov klasických kníh
Date of publication, distribution, etc. 1953
Place of manufacture Bratislava
Manufacturer Graf. tlač.
300 ## - PHYSICAL DESCRIPTION
Extent 309 s.
Dimensions 20 cm
490 0# - SERIES STATEMENT
Series statement Knižnica Spoločnosti priateľov klasických kníh
Volume/sequential designation 86
505 0# - FORMATTED CONTENTS NOTE
Formatted contents note Nikolaj Gabinskij: Doslov, s. 307-309
655 #7 - INDEX TERM--GENRE/FORM
Genre/form data or focus term brazílske romány
Source of term SNKPH
655 #7 - INDEX TERM--GENRE/FORM
Genre/form data or focus term Brazilian fiction
Source of term SNKPHeng
700 1# - ADDED ENTRY--PERSONAL NAME
Personal name Oleríny, Vladimír,
Dates associated with a name 1921-2016
Relationship trl
700 1# - ADDED ENTRY--PERSONAL NAME
Personal name Gabinskij, Nikolaj
Relationship aut
-- aui
830 #0 - SERIES ADDED ENTRY--UNIFORM TITLE
Uniform title Knižnica Spoločnosti priateľov klasických kníh
910 ## - USER-OPTION DATA (OCLC)
User-option data kis3gmm
910 ## - USER-OPTION DATA (OCLC)
User-option data svkbb
942 ## - ADDED ENTRY ELEMENTS (KOHA)
Source of classification or shelving scheme Dewey Decimal Classification
Koha item type Krásna literatúra pre dospelých
Suppress in OPAC No
949 ## - LOCAL PROCESSING INFORMATION (OCLC)
6 270001000393514
a svkbbS 57
b svkbbm 18186
949 ## - LOCAL PROCESSING INFORMATION (OCLC)
6 3830001091951
a kurukT9/AMAD1-2
b kuruk2014/F3570
o D2014/Mydlo, Marián/7. 5. 2014
949 ## - LOCAL PROCESSING INFORMATION (OCLC)
6 17A0532679
a snkSD 3351/86 D1
b snkF 1947/63
o duplikát začína od strany č. 13
q rekatalogizácia
Holdings
Stav vyradenia Strata Poškodenie Spôsob nadobudnutia Domovská knižnica Aktuálna knižnica Dátum nadobudnutia Total checkouts Čiarový kód exemplára Date last seen Typ exemplára
      Dar Obecná knižnica Horná Štubňa Obecná knižnica Horná Štubňa 27.02.2026   4736201490 27.02.2026 Krásna literatúra pre dospelých
Projekt je podporený Slovenskou asociáciou knižníc
Prevádzkuje Turčianska knižnica Martin 2026